000 00560 a2200169 4500
999 _c5207
_d5207
010 _aENG-86779
020 _c495.00
035 _aEN-70312
037 _bDBAD / PUB
082 1 4 _a954.0841
245 1 _aIndian National Movement in retrospect /
_ced. by N.G.Rajurkar
260 _aSecunderabad
_bR.K. Printing Press & Publications Centre
_cn.d.
270 _a12-13-103, Street No. 3, Tamaka, Secunderabad
_bSecunderabad
_e500 017
_cA.P.
300 _a xvi, 304p
_c22cm (Hb)
700 _aRajurkar, N.G.
942 _adpl
_cEN
_2ddc
_h954.0841
_mIND